Adventuring in home living / (Record no. 4184)
[ view plain ]
| 000 -LEADER | |
|---|---|
| fixed length control field | 00482cam a2200193ua 4500 |
| 041 ## - LANGUAGE CODE | |
| Language code of text/sound track or separate title | eng |
| 082 ## - DEWEY DECIMAL CLASSIFICATION NUMBER | |
| Classification number | 640 |
| Item number | HAT/AD |
| 100 ## - MAIN ENTRY--AUTHOR NAME | |
| Personal name | Hatchen, Hazel M . |
| 245 ## - TITLE STATEMENT | |
| Title | Adventuring in home living / |
| 250 ## - EDITION STATEMENT | |
| Edition statement | 1 / |
| 260 ## - PUBLICATION, DISTRIBUTION, ETC. (IMPRINT) | |
| Place of publication | Bosten : |
| Name of publisher | Heath and company , |
| Year of publication | 1959. |
| 300 ## - PHYSICAL DESCRIPTION | |
| Number of Pages | 502 ; . |
| 500 ## - GENERAL NOTE | |
| General note | ** Reference |
| 700 1# - ADDED ENTRY--PERSONAL NAME | |
| Personal name | Andrews, Mildred E . |
| 942 ## - ADDED ENTRY ELEMENTS (KOHA) | |
| Koha item type | Books |
| Withdrawn status | Lost status | Damaged status | Home library | Current library | Date acquired | Full call number | Accession Number | Koha item type |
|---|---|---|---|---|---|---|---|---|
| KAUAET | KAUAET | 07/04/2012 | 640 | 745b | Reference | |||
| KAUAET | KAUAET | 07/04/2012 | 640 | 745 a | Books |
